000 00805nam0a22002411 4500
001 rc\101859
005 20250620182145.0
035 _a(NLR Aleph) 005364792
090 _a6936645
_c6936645
100 _a20021216d1993 |||y0rusy50 ca
101 0 _arus
102 _aRU
105 _aa |||||||||
200 1 _aНаблюдение галактик, туманностей и звездных скоплений
_fПод ред. А.А. Мартыся
210 _aМ.
_cФизматлит
_d1993
215 _a240 с.
_cил.
_d20
225 1 _aБиблиотека любителя астрономии
_vВып. 12
700 1 _aЛабузов
_bА.С.
_gАркадий Сергеевич
801 0 _aRU
_bNLR
_gpsbo
801 1 _aRU
_bELAR
_2rusmarc
852 _aNLR
_j93-3/7650
942 _cBOOK
980 _aNB